LIBRARY & INFORMATION CENTRE, KCAET, TAVANUR

ONLINE PUBLIC ACCESS CATALOGUE (OPAC)

Code of practice for design loads (other than earthquake) for buildings and structures, IS 875(Part V)-1987 / (Record no. 7663)

MARC details
000 -LEADER
fixed length control field 00730cam a2200157ua 4500
041 ## - LANGUAGE CODE
Language code of text/sound track or separate title eng
082 ## - DEWEY DECIMAL CLASSIFICATION NUMBER
Classification number 624.042
Item number BUR/CO
245 ## - TITLE STATEMENT
Title Code of practice for design loads (other than earthquake) for buildings and structures, IS 875(Part V)-1987 /
250 ## - EDITION STATEMENT
Edition statement 1 /
260 ## - PUBLICATION, DISTRIBUTION, ETC. (IMPRINT)
Place of publication :
Name of publisher Bureau of Indian Standards ,
Year of publication 1988.
300 ## - PHYSICAL DESCRIPTION
Number of Pages 18 ; .
942 ## - ADDED ENTRY ELEMENTS (KOHA)
Koha item type Books
Holdings
Withdrawn status Lost status Damaged status Home library Current library Date acquired Full call number Accession Number Koha item type
      KAUAET KAUAET 07/04/2012 624.042 17109 Standards
free website counter